00296nam a2200109Ia 450000500170000000800410001710000220005824500540008026000280013430000110016265000130017320260328104259.0260328s9999||||xx |||||||||||||| ||und|| aNavarro, Rosaluz  0aLa Ciudad y sus Profesionales /cRosaluz Navarro bCátedra UNESCO-ITESO  a251 p. aTEORÍA